00695nam a2200217 i 450000100060000000300090000600500170001500700030003200800410003508000120007610000290008824501230011726000410024030000370028149000320031865000240035070000220037470000270039683000320042385200220045538981ES-MaACL20230906155850.0t|030226s1971 sp ||||1| spa d a711(45)1 aCampos Venuti, Giuseppe.13aLa administración del urbanismo / cG. Campos Venuti ; [traducción de Jaime Soler Llusá y Manuel Torres Capell]. aBarcelona : bGustavo Gili, c[1971] aXII, 250 p., 8 planos ; c24 cm.1 aCiencia urbanística ; v5 4aUrbanismo-zItalia.1 aSoler Llusá, J.1 aTorres Capell, Manuel.1 aCiencia urbanística ; v54 aES-MaACLjC-37650